[Event "IECC KO email"]
[Site "IECC email"]
[Date "1999.10.20"]
[Round "?"]
[White "Mitchko, David"]
[Black "Hakuc, Waclaw"]
[Result "0-1"]
[WhiteElo "1029"]
[BlackElo "1784"]
[PlyCount "88"]
[EventDate "1999.??.??"]
[EventType "tourn (corr)"]
[EventRounds "6"]
[SourceTitle "Corr 2008"]
[Source "ChessBase"]
[SourceDate "2008.06.24"]
[SourceVersion "1"]
[SourceVersionDate "2008.06.24"]
[SourceQuality "1"]

1. e4 e5 2. Nf3 Nc6 3. Bb5 a6 4. Ba4 b5 5. Bb3 Nf6 6. d4 exd4 7. Nxd4 Qe7 8. Nf5 Qxe4+ 9. Ne3 Nd4 10. 0-0 Nxb3 11. axb3 Bb7 12. f3 Qg6 13. Qd4 Kd8 14. Nc3 Bd6 15. Ne2 Re8 16. Nf4 Qg5 17. Ned5 Qf5 18. c4 c6 19. Qb6+ Kc8 20. Bd2 g5 21. Rfe1 Be5 22. g4 Nxd5 23. Nxd5 Qe6 24. Rxe5 Qxe5 25. Re1 Qxe1+ 26. Bxe1 Rxe1+ 27. Kf2 cxd5 28. Kxe1 bxc4 29. bxc4 dxc4 30. Qc5+ Bc6 31. Qxc4 f6 32. Qg8+ Kc7 33. Qxh7 Re8+ 34. Kf2 Rb8 35. Qf5 Rb3 36. Qxf6 Rxf3+ 37. Qxf3 Bxf3 38. Kxf3 d5 39. Kg3 d4 40. Kf3 Kd6 41. Ke4 Kc5 42. b3 a5 43. h3 a4 44. bxa4 Kc4 0-1

[Event "IECC M email"]
[Site "IECC email"]
[Date "1999.05.05"]
[Round "?"]
[White "Rosenau, Gareth W"]
[Black "Mitchko, David"]
[Result "1-0"]
[WhiteElo "1046"]
[BlackElo "1044"]
[PlyCount "109"]
[EventDate "1999.??.??"]
[EventType "tourn (corr)"]
[EventRounds "6"]
[SourceTitle "Corr 2008"]
[Source "ChessBase"]
[SourceDate "2008.06.24"]
[SourceVersion "1"]
[SourceVersionDate "2008.06.24"]
[SourceQuality "1"]

1. e4 e5 2. Nc3 Nf6 3. Nf3 Nc6 4. Bb5 d6 5. d3 Bd7 6. 0-0 a6 7. Bc4 b5 8. Bd5 Nxd5 9. Nxd5 Ne7 10. Bg5 h6 11. Bxe7 Bxe7 12. Nxe7 Qxe7 13. c3 g5 14. d4 f6 15. Re1 0-0 16. b4 Bc6 17. d5 Bb7 18. Qd3 Qe8 19. c4 c6 20. dxc6 Bxc6 21. Rad1 Rd8 22. Nd2 Kg7 23. a3 bxc4 24. Nxc4 Bb5 25. Qd5 Bxc4 26. Qxc4 Qa4 27. Qc7+ Kg8 28. Rd3 Rd7 29. Qc4+ Kg7 30. g4 Qb5 31. Rc1 Qxc4 32. Rxc4 Rfd8 33. Rc6 a5 34. bxa5 d5 35. Rf3 Rf7 36. exd5 Rxd5 37. a6 Ra5 38. Kf1 Ra4 39. h3 e4 40. Rb3 Kg6 41. Ke2 Rf8 42. Ke3 Rd8 43. Re6 Rd3+ 44. Rxd3 exd3 45. Kxd3 Rxa3+ 46. Ke4 Rxh3 47. a7 Ra3 48. Re7 Ra4+ 49. Kd5 f5 50. f3 h5 51. gxh5+ Kxh5 52. Ke5 f4 53. Rh7+ Kg6 54. Re7 Kh5 55. Kf6 1-0